| 000 -ლიდერი |
| ფიქსირებული სიგრძის საკონტროლო ველი |
01395nam a2200289Ia 4500 |
| 001 - საკონტროლო ნომერი |
| საკონტროლო ველი |
22184 |
| 003 - საკონტროლო ნომრის იდენტიფიკატორი |
| საკონტროლო ველი |
GE_BSU |
| 005 - ბოლო ოპერაციის თარიღი და დრო |
| საკონტროლო ველი |
20221212171510.0 |
| 008 - ფიქსირებული სიგრძის მონაცემთა ელემენტები - ზოგადი ინფორმაცია |
| ფიქსირებული სიგრძის საკონტროლო ველი |
181216s2013||||ge |||||||||||||| ||geo|| |
| 020 ## - წიგნის საერთაშორისო სტანდარტული ნომერი |
| International Standard Book Number |
9789941230233 |
| 040 ## - კატალოგიზაციის წყარო |
| Transcribing agency |
GE_BSU |
| 041 ## - ენის კოდი |
| Language code of text/sound track or separate title |
geo |
| 080 ## - უნივერსალური ათობითი კლასიფიკაციის ინდექსი |
| Universal Decimal Classification number |
821.353.1-2 ბ-98 |
| 100 ## - მთავარი ჩანაწერი - პიროვნების სახელი |
| Personal name |
ბუღაძე, ლაშა |
| 9 (RLIN) |
5559 |
| 245 ## - ცნობა სათაურის შესახებ |
| Title |
პრეზიდენტი სტუმრად მოვიდა : |
| Remainder of title |
[პიესა] / |
| Statement of responsibility, etc |
ლაშა ბუღაძე ; რედ. თეა ქიტოშვილი ; ყდის დიზაინერი თამარ თავართქილაძე. |
| 250 ## - გამოცემის ცნობა |
| Edition statement |
1-ლი გამოცემა |
| 264 ## - წარმოების, გამოცემის, დისტრიბუციის და სხვა ცნობები |
| გამოცემის, წარმოების, დისტრიბუციის... ადგილი |
თბილისი : |
| გამოცემის, წარმოების, დისტრიბუციის... სახელწოდება |
ბაკურ სულაკაურის გამ-ბა, |
| გამოცემის, წარმოების, დისტრიბუციის... თარიღი |
2013. |
| 300 ## - ფიზიკური აღწერა |
| Extent |
144 გვ. ; |
| Dimensions |
19 სმ. |
| 500 ## - ზოგადი შენიშვნა |
| General note |
თავფურცელი მე-2 გვ. ინგლისურ ენაზე |
| 653 ## - INDEX TERM--UNCONTROLLED |
| Uncontrolled term |
მხატვრული ლიტერატურა |
| 653 ## - INDEX TERM--UNCONTROLLED |
| Uncontrolled term |
პრეზიდენტი სტუმრად მოვიდა |
| 653 ## - INDEX TERM--UNCONTROLLED |
| Uncontrolled term |
პიესა |
| 700 ## - ADDED ENTRY--PERSONAL NAME |
| Personal name |
ქიტოშვილი, თეა |
| Relator term |
რედაქტორი |
| 9 (RLIN) |
16364 |
| 700 ## - ADDED ENTRY--PERSONAL NAME |
| Personal name |
თავართქილაძე, თამარ |
| Relator term |
ყდის დიზაინერი |
| 9 (RLIN) |
16365 |
| 942 ## - ADDED ENTRY ELEMENTS (KOHA) |
| Koha item type |
წიგნი |
| Source of classification or shelving scheme |
|